|
|
|
|
| LEADER |
01807nam a2200433 i 4500 |
| 001 |
EBC4764248 |
| 003 |
MiAaPQ |
| 005 |
20200124101321.0 |
| 006 |
m o d | |
| 007 |
cr cnu|||||||| |
| 008 |
200124s2016 be o 000 0 fre d |
| 020 |
|
|
|z 9782802751120
|
| 020 |
|
|
|a 9782802756842
|q (electronic bk.)
|
| 035 |
|
|
|a (MiAaPQ)EBC4764248
|
| 035 |
|
|
|a (Au-PeEL)EBL4764248
|
| 035 |
|
|
|a (CaPaEBR)ebr11314968
|
| 035 |
|
|
|a (OCoLC)966493348
|
| 040 |
|
|
|a MiAaPQ
|b eng
|e rda
|e pn
|c MiAaPQ
|d MiAaPQ
|
| 043 |
|
|
|a e------
|
| 050 |
|
4 |
|a KJE7105
|b .M358 2016
|
| 082 |
0 |
|
|a 343.2404
|2 23
|
| 100 |
1 |
|
|a Maitrot de la Motte, Alexandre,
|e author.
|
| 245 |
1 |
0 |
|a Droit fiscal de l'Union europeenne /
|c Alexandre Maitrot de La Motte.
|
| 250 |
|
|
|a 2e edition.
|
| 264 |
|
1 |
|a Bruxelles :
|b Bruylant,
|c [2016]
|
| 264 |
|
4 |
|c 2016
|
| 300 |
|
|
|a 1 online resource (867 pages).
|
| 336 |
|
|
|a text
|b txt
|2 rdacontent
|
| 337 |
|
|
|a computer
|b c
|2 rdamedia
|
| 338 |
|
|
|a online resource
|b cr
|2 rdacarrier
|
| 490 |
1 |
|
|a Collection Droit de l'Union europeenne. Traites ;
|v 3
|
| 588 |
|
|
|a Description based on print version record.
|
| 590 |
|
|
|a Electronic reproduction. Ann Arbor, MI : ProQuest, 2018. Available via World Wide Web. Access may be limited to ProQuest affiliated libraries.
|
| 650 |
|
0 |
|a Taxation
|x Law and legislation
|z European Union countries.
|
| 655 |
|
4 |
|a Electronic books.
|
| 776 |
0 |
8 |
|i Print version:
|a Maitrot de la Motte, Alexandre.
|t Droit fiscal de l'Union europeenne.
|b 2e edition.
|d Bruxelles : Bruylant, c2016
|h 867 pages
|k Collection Droit de l'Union europeenne. Traites ; 3.
|z 9782802751120
|
| 797 |
2 |
|
|a ProQuest (Firm)
|
| 830 |
|
0 |
|a Collection Droit de l'Union europeenne.
|p Traites ;
|v 3.
|
| 856 |
4 |
0 |
|u https://ebookcentral.proquest.com/lib/matrademy/detail.action?docID=4764248
|z Click to View
|